000 00651nam a2200241 i 4500
001 C2-0010541
003 PPAK
005 20190630221905.0
008 970127s1989 my a|||| ||||| | may d
020 _a967651409X
040 _aPPAK
_beng
_cPPAK
_erda
082 0 4 _a796.345
_223
090 0 0 _a796.345
_bALK
_dG
100 1 _aAlkhred, Syed Hashim Mohamed,
_eauthor
245 1 0 _aBadminton
264 1 _aPetaling Jaya, Selangor :
_bFajar Bakti ,
_c1989
300 _a20 pages :
_billustrations ;
_c19 cm
336 _2rdacontent
_atext
337 _2rdamedia
_aunmediated
338 _2rdacarrier
_avolume
650 1 0 _aBadminton
942 _ddc
_cB
999 _c2680
_d2680